| 000 | 00458nam a2200157 i 4500 | ||
|---|---|---|---|
| 001 | 65788 | ||
| 003 | ES-MaACL | ||
| 005 | 20230906165454.0 | ||
| 007 | t| | ||
| 008 | 040121s1966 sp ||||1| spa d | ||
| 100 | 1 |
_aFuentes, María de los Reyes. _952905 |
|
| 245 | 1 | 0 |
_aAcrópolis del testimonio / _cMaría de los Reyes Fuentes. |
| 260 |
_a[Sevilla : _bAyuntamiento de Sevilla, _c1966] |
||
| 300 |
_a84 p. ; _c22 cm. |
||
| 852 |
_aES-MaACL _jC-31582 _bR.61792 |
||
| 999 |
_c65788 _d65788 |
||